00375nam a2200145Ia 4500008004100000020001500041041001200056082001600068100001900084245006300103250000800166260003900174300000800213650000800221221030s9999 xx 000 0 und d a8178085011 aEnglish a105.23bGay aR. A. Gayakwad 0aOp - Amps & Linear Integrated Circuitscby R. A. Gayakwad a4th bPearson EducationaNew Delhic2002 a543 aECE